000 00359nam a2200133Ia 4500
005 20260328101455.0
008 260328s9999||||xx |||||||||||||| ||und||
100 _aOka, Hideyuki
245 0 _aHow to wrap five eggs :
_b Traditional Japanese packaging /
_cHideyuki Oka
260 _bWeatherhill
300 _a223 p.
650 _aDISEÑO INDUSTRIAL
942 _cBK
999 _c8792
_d8792